<?xml version="1.0" encoding="UTF-8"?>
<record
    xmlns:xsi="http://www.w3.org/2001/XMLSchema-instance"
    xsi:schemaLocation="http://www.loc.gov/MARC21/slim http://www.loc.gov/standards/marcxml/schema/MARC21slim.xsd"
    xmlns="http://www.loc.gov/MARC21/slim">

  <leader>01232nam0a2200313   4500</leader>
  <controlfield tag="001">RU\NLR\BIBL_A\012313528</controlfield>
  <controlfield tag="005">20250624014035.0</controlfield>
  <datafield tag="035" ind1=" " ind2=" ">
    <subfield code="a">(NLR Aleph) 012313528</subfield>
  </datafield>
  <datafield tag="090" ind1=" " ind2=" ">
    <subfield code="a">11382962</subfield>
    <subfield code="c">11382962</subfield>
  </datafield>
  <datafield tag="100" ind1=" " ind2=" ">
    <subfield code="a">20200813d1930    |||y0rusy50      ca</subfield>
  </datafield>
  <datafield tag="101" ind1="0" ind2=" ">
    <subfield code="a">ady</subfield>
  </datafield>
  <datafield tag="102" ind1=" " ind2=" ">
    <subfield code="a">RU</subfield>
  </datafield>
  <datafield tag="105" ind1=" " ind2=" ">
    <subfield code="a">a   z   000 y</subfield>
  </datafield>
  <datafield tag="181" ind1=" " ind2="0">
    <subfield code="a">i</subfield>
    <subfield code="b">axxe</subfield>
  </datafield>
  <datafield tag="182" ind1=" " ind2="0">
    <subfield code="a">n</subfield>
  </datafield>
  <datafield tag="200" ind1="1" ind2=" ">
    <subfield code="a">&#x422;&#x445;&#x44A;&#x443; &#x43A;&#x44A;&#x44B;&#x437;&#x445;&#x44D;&#x43A;I&#x440;&#x44D; &#x442;&#x44B;&#x433;&#x44A;&#x44D;&#x434;&#x44D;&#x440;&#x430;&#x437; (&#x441;&#x435;&#x43C;&#x447;&#x44B;&#x43A;)</subfield>
    <subfield code="f">&#x437;&#x44B;&#x437;&#x434;&#x437;&#x44D;&#x43A;I&#x44B;&#x433;&#x44A;&#x44D;&#x440; &#x426;&#x443;&#x43C;&#x44B;&#x43A;&#x44A;&#x43E; I&#x44D;. I&#x438;.</subfield>
  </datafield>
  <datafield tag="203" ind1=" " ind2=" ">
    <subfield code="a">&#x422;&#x435;&#x43A;&#x441;&#x442;</subfield>
    <subfield code="b">&#x432;&#x438;&#x437;&#x443;&#x430;&#x43B;&#x44C;&#x43D;&#x44B;&#x439;</subfield>
    <subfield code="c">&#x43D;&#x435;&#x43F;&#x43E;&#x441;&#x440;&#x435;&#x434;&#x441;&#x442;&#x432;&#x435;&#x43D;&#x43D;&#x44B;&#x439;</subfield>
  </datafield>
  <datafield tag="205" ind1=" " ind2=" ">
    <subfield code="a">&#x44F; 2-&#x440;&#x44D; &#x442;&#x435;&#x434;&#x437;.</subfield>
    <subfield code="b">&#x433;&#x44A;&#x44D;&#x442;&#x44D;&#x440;&#x44D;&#x437;&#x44B;&#x436;&#x44C;&#x44D;&#x433;&#x44A;&#x44D;&#x443; &#x444;&#x434;&#x436;&#x440;&#x438; &#x445;&#x44D;&#x433;&#x44A;&#x44D;&#x445;&#x44C;&#x443;&#x443;&#x433;&#x44A;&#x44D;&#x443;</subfield>
  </datafield>
  <datafield tag="210" ind1=" " ind2=" ">
    <subfield code="a">&#x41A;&#x440;&#x430;&#x441;&#x43D;&#x43E;&#x434;&#x430;&#x440;</subfield>
    <subfield code="c">&#x410;&#x434;&#x44B;&#x433;&#x44D; &#x442;&#x445;&#x44B;&#x43B;&#x44A; &#x442;&#x435;&#x434;&#x437;</subfield>
    <subfield code="d">1930</subfield>
  </datafield>
  <datafield tag="215" ind1=" " ind2=" ">
    <subfield code="a">42 &#x441;.</subfield>
    <subfield code="c">&#x438;&#x43B;.</subfield>
    <subfield code="d">17</subfield>
  </datafield>
  <datafield tag="300" ind1=" " ind2=" ">
    <subfield code="a">&#x41B;&#x430;&#x442;&#x438;&#x43D;. &#x433;&#x440;&#x430;&#x444;&#x438;&#x43A;&#x430;</subfield>
  </datafield>
  <datafield tag="541" ind1="1" ind2=" ">
    <subfield code="a">&#x41C;&#x430;&#x441;&#x43B;&#x438;&#x447;&#x43D;&#x44B;&#x439; &#x43F;&#x43E;&#x434;&#x441;&#x43E;&#x43B;&#x43D;&#x443;&#x445;</subfield>
    <subfield code="z">rus</subfield>
  </datafield>
  <datafield tag="606" ind1="1" ind2=" ">
    <subfield code="a">&#x41F;&#x43E;&#x434;&#x441;&#x43E;&#x43B;&#x43D;&#x435;&#x447;&#x43D;&#x438;&#x43A;</subfield>
    <subfield code="9">1645364</subfield>
    <subfield code="3">RU\NLR\AUTH\66727945</subfield>
  </datafield>
  <datafield tag="686" ind1="1" ind2=" ">
    <subfield code="a">&#x41F;214.1</subfield>
  </datafield>
  <datafield tag="700" ind1=" " ind2="1">
    <subfield code="4">070</subfield>
    <subfield code="7">ca</subfield>
    <subfield code="8">rus</subfield>
    <subfield code="a">&#x41F;&#x443;&#x448;&#x43A;&#x430;&#x440;&#x435;&#x432;</subfield>
    <subfield code="b">&#x41D;. &#x418;.</subfield>
    <subfield code="c">&#x430;&#x433;&#x440;&#x43E;&#x43D;&#x43E;&#x43C;</subfield>
    <subfield code="f">1889-</subfield>
    <subfield code="g">&#x41D;&#x438;&#x43A;&#x43E;&#x43B;&#x430;&#x439; &#x418;&#x433;&#x43D;&#x430;&#x442;&#x44C;&#x435;&#x432;&#x438;&#x447;</subfield>
    <subfield code="9">191626</subfield>
    <subfield code="3">RU\NLR\AUTH\770191677</subfield>
  </datafield>
  <datafield tag="852" ind1=" " ind2=" ">
    <subfield code="a">NLR</subfield>
    <subfield code="b">&#x41E;&#x41D;&#x41B;</subfield>
    <subfield code="j">&#x410;&#x434;&#x44B;&#x433;./2-27</subfield>
  </datafield>
  <datafield tag="942" ind1=" " ind2=" ">
    <subfield code="c">BOOK</subfield>
  </datafield>
  <datafield tag="980" ind1=" " ind2=" ">
    <subfield code="a">NB</subfield>
  </datafield>
  <datafield tag="995" ind1=" " ind2=" ">
    <subfield code="5">2020-08-13</subfield>
    <subfield code="b">NLR01</subfield>
    <subfield code="c">NLR01</subfield>
    <subfield code="e">ONL</subfield>
    <subfield code="f">1-2426363</subfield>
    <subfield code="k">&#x41E;&#x41D;&#x41B; &#x410;&#x434;&#x44B;&#x433;./2-27</subfield>
    <subfield code="o">0</subfield>
    <subfield code="r">BOOK</subfield>
    <subfield code="s">_227</subfield>
  </datafield>
</record>
